000 00438nam a2200193Ia 4500
005 20240823054535.0
008 240823s9999||||xx |||||||||||||| ||und||
041 _aENGLISH
082 _A668.9 N4
100 _aArora M G
245 0 _aPolymer Chemistry
250 _a1st
260 _c1994
_b"Anmol Pub,New Delhi"
500 _aTRANSFERED
650 _aChemistry
_bChemistry
700 _a Singh
942 _cBK
999 _c226688
_d226688